Normal view
MARC view
- Peiris,Chris,Binil Pillai, Abbas Kudrati
Entry Personal Name
001 - CONTROL NUMBER
- control field: 6529
003 - CONTROL NUMBER IDENTIFIER
- control field: JO-AjAnu
005 - DATE AND TIME OF LATEST TRANSACTION
- control field: 20230606071346.0
008 - FIXED-LENGTH DATA ELEMENTS
- fixed length control field: 230606|| aca||aabn | a|a d
040 ## - CATALOGING SOURCE
- Original cataloging agency: JO-AjAnu
- Transcribing agency: JO-AjAnu
100 ## - HEADING--PERSONAL NAME
- Personal name: Peiris,Chris,Binil Pillai, Abbas Kudrati
670 ## - SOURCE DATA FOUND
- Source citation: Work cat.: (JO-AjAnu)3385: Peiris,Chris,Binil Pillai, Abbas Kudrati, author, Threat Hunting in the Cloud: Defending AWS, Azure and Other Cloud Platforms Against Cyberattacks